County Homesearch Co (Thames & Chilterns) Ltd v Cowham (Record no. 109134)
[ view plain ]
| 000 -LEADER | |
|---|---|
| fixed length control field | 02431cad a22003015a 4500 |
| 001 - CONTROL NUMBER | |
| control field | L146353 |
| 008 - FIXED-LENGTH DATA ELEMENTS--GENERAL INFORMATION | |
| fixed length control field | 090112e20080116xxk f v 000 0 eng d |
| 035 ## - SYSTEM CONTROL NUMBER | |
| System control number | (Sirsi) u146353 |
| 041 0# - LANGUAGE CODE | |
| Language code of text/sound track or separate title | eng |
| 245 04 - TITLE STATEMENT | |
| Title | County Homesearch Co (Thames & Chilterns) Ltd v Cowham |
| Medium | [electronic resource] |
| 260 ## - PUBLICATION, DISTRIBUTION, ETC. | |
| Date of publication, distribution, etc. | 2008 |
| 520 ## - SUMMARY, ETC. | |
| Summary, etc. | [2008] EWCA Civ 26, 16 January 2008. Where the court found it inappropriate to imply in a contract a term that a purchasing agent was only entitled to collect commission if he was the cause of a transaction where the specific terms of the contract were inconsistent with this implied term. The fact that selling agency contracts and purchasing agency contracts were similar did not mean that a purchasing agency contract could properly be ignored. Appellant purchaser (C) appealed against a court decision that he had to pay commission to respondent (H) on the purchase of a property. Under C's agreement with H he paid a £500 fee and agreed to pay commission in the event of H introducing him to a property that he would go on to purchase, or if one of the agents working with H made such an introduction. C ended up buying a property listed on one of the lists provided by H, but declined to pay commission once the sale was completed. Held: appeal dismissed. The agreement between C and H did not prevent H from using other agents. The court found that for the Unfair Terms in Consumer Contracts Regulations 1999 to apply, there had to be a written term where there was doubt as to its true meaning. The fact that it could be argued that a term should be implied did not mean that there was doubt in as regarded the meaning of the term. |
| 521 ## - TARGET AUDIENCE NOTE | |
| Target audience note | Advanced |
| 590 ## - LOCAL NOTE (RLIN) | |
| Local note | KA |
| 650 24 - SUBJECT ADDED ENTRY--TOPICAL TERM | |
| Topical term or geographic name entry element | COUNTY HOMESEARCH CO (THAMES & CHILTERNS) LTD V COWHAM |
| 650 24 - SUBJECT ADDED ENTRY--TOPICAL TERM | |
| Topical term or geographic name entry element | SHIRLAW V SOUTHERN FOUNDRIES (1926) LTD |
| 650 24 - SUBJECT ADDED ENTRY--TOPICAL TERM | |
| Topical term or geographic name entry element | TOULMIN V MILLAR |
| 650 24 - SUBJECT ADDED ENTRY--TOPICAL TERM | |
| Topical term or geographic name entry element | ESTATE AGENTS ACT 1979 |
| 650 24 - SUBJECT ADDED ENTRY--TOPICAL TERM | |
| Topical term or geographic name entry element | UNFAIR TERMS IN CONSUMER CONTRACTS 1999 |
| 650 24 - SUBJECT ADDED ENTRY--TOPICAL TERM | |
| Topical term or geographic name entry element | MILLAR CO & SON V RADFORD |
| 650 24 - SUBJECT ADDED ENTRY--TOPICAL TERM | |
| Topical term or geographic name entry element | BRIAN COOPER AND CO V FAIRVIEW ESTATES (INVESTMENTS) LTD |
| 650 24 - SUBJECT ADDED ENTRY--TOPICAL TERM | |
| Topical term or geographic name entry element | DOYLE V MOUNT KIDSTON MINING AND EXPLORATION PROPERTY LTD |
| 650 24 - SUBJECT ADDED ENTRY--TOPICAL TERM | |
| Topical term or geographic name entry element | EGAN LAWSON LTD V STANDARD LIFE ASSURANCE CO |
| 651 #4 - SUBJECT ADDED ENTRY--GEOGRAPHIC NAME | |
| Geographic name | England and Wales |
| Chronological subdivision | 1543- |
| 690 ## - LOCAL SUBJECT ADDED ENTRY--TOPICAL TERM (OCLC, RLIN) | |
| Topical term or geographic name as entry element | PROPERTY-PROPERTY AGENCY |
| 856 40 - ELECTRONIC LOCATION AND ACCESS | |
| Uniform Resource Identifier | <a href="https://www.bailii.org/ew/cases/EWCA/Civ/2008/26.html">https://www.bailii.org/ew/cases/EWCA/Civ/2008/26.html</a> |
| Public note | View the item free of charge online at www.bailii.org... |
| 942 ## - ADDED ENTRY ELEMENTS (KOHA) | |
| Suppress in OPAC | 0 |
| Withdrawn status | Lost status | Source of classification or shelving scheme | Damaged status | Not for loan | Home library | Current library | Shelving location | Date acquired | Total Checkouts | Full call number | Barcode | Date last seen | Copy number | Price effective from | Koha item type |
|---|---|---|---|---|---|---|---|---|---|---|---|---|---|---|---|
| Dewey Decimal Classification | Virtual | Virtual | Online | 12/01/2009 | ONLINE PUBLICATION | 146353-1001 | 06/08/2019 | 1 | 06/08/2019 | Book |